| 000 | 00453nam a22001577a 4500 | ||
|---|---|---|---|
| 005 | 20240701102134.0 | ||
| 008 | 240701b |||||||| |||| 00| 0 eng d | ||
| 041 | _aEnglish | ||
| 082 | _a349 ANN | ||
| 100 | _lEnglish | ||
| 245 | _aAnnual Survey for South African Law | ||
| 260 |
_aCape Town: _bJuta and Company Ltd, _c1973 |
||
| 300 |
_bxl, 502 pages; _c25 cm. |
||
| 650 |
_aLegal practice _bLaw |
||
| 942 |
_cBK _6ALISON_BN_VRIES |
||
| 999 |
_c2046 _d2046 |
||